000 00650nam a2200217Ia 4500
005 20250508152627.0
008 008 250505s9999 xx 000 0 eng d
037 _aTextual
040 _aFEDL
_beng
_cFEDL
041 _aeng
_2eng
084 _a379.11, MOR
_qFEDL
100 _aMort Paul R
245 0 _aPublic school finance: Its background, structure, and operation
250 _a3rd
260 _aNew York, USA
_bMcGraw-Hill Book Company
_c1960
300 _ax,512p.
490 _aMcGraw-Hill in education
700 _a Reusser Walter C Polley John W
_9762023
942 _cTEXL
_h379.11, MOR
999 _c1337685
_d1337685